000 00762cab a22001935a 4500
001 L140051
008 070903s2007 xxkd f s 000 0 eng d
035 _a(Sirsi) u140051
041 0 _aeng
100 1 _aFrancis, Dan
245 0 0 _aCentral London
_bupward correction in yields inevitable
260 _c2007
490 _aProperty Forecast
_v10(8) August 2007, 5-6(2)
520 _aReports that the outlook for office demand in central London remains healthy; the prospect of continued rising output and employment in the finance and business sector feeding through to demand for office space.
590 _aka
651 4 _aLondon (Greater London Authority)
_c2000-
_93989
690 _aPROPERTY-COMMERCIAL PROPERTY-COMMERCIAL PROPERTY MARKET
942 _n0
999 _c79170
_d79170